000 00571nam a2200193Ia 4500
003 OSt
005 20250211152720.0
008 210210b1940 xxu||||| |||| 00| 0 eng d
040 _cAL
041 _ahin
082 _a868/19
100 _aGUPTA (Kedarnath)
_9199178
110 _bगुप्ता (केदारनाथ)
_9199179
245 _aSvami dayanand sarasvati:
_bस्वामी दयानन्द सरस्वती
260 _aPrayag
_bChatrhitakari Pustakmala
_c1940
690 _aBiography
_9199183
906 _a023745
942 _2ddc
_cBK
999 _c148710
_d148710